Türkiye Barolar Birliği başkanı av. Özdemir Özok'un 2009-2010 adli yargı yılı açılış konuşması (Record no. 5563)

MARC details
000 -BAŞLIK
Sabit Uzunlukta Kontrol Alanı 00799na a2200229 4500
001 - KONTROL NUMARASI
Denetim Alanı 18592
003 - KONTROL NUMARASI IDENTIFIER
Denetim Alanı MIRAKIL
005 - SON İŞLEM TARİHİ VE ZAMANI
Denetim Alanı 20181213155040.0
008 - SABİT-BOY VERİ ELEMANLARI - GENEL BİLGİLER
Sabit Uzunlukta Kontrol Alanı 161122b tu 000 0
040 ## - KATALOGLAMA KAYNAK
Orijinal Kataloglama Ajansı Milas
Kataloglama Dili tur
Metne Dönüştürmek Ajansı TR-AnCHP
041 ## - DİL KODU
Metin / Ses Parça Veya Ayrı Başlığın Dil Kodu tur
082 ## - DEWEY ONLU SINIFLANDIRMA NUMARASI
Sınıflandırma Numarası 340.092
Ürün Numarası T96t 2009
090 ## - SINIFLAMA NUMARASI
Sınıflama Numarası 340.092 T96t 2009
110 ## - ANA GİRİŞ - KURUMSAL ADI
Giriş Elemanı Olarak Kurumsal Ad Veya Yargı Alanı Adı Türkiye Barolar Birliği
245 ## - BAŞLIK TABLOSU
Başlık Türkiye Barolar Birliği başkanı av. Özdemir Özok'un 2009-2010 adli yargı yılı açılış konuşması
Sorumluluk Tablosu, Vb Türkiye Barolar Birliği
260 ## - YAYIN, DAĞITIM, VB
Yayın, Dağıtım, Vb Yeri Ankara
Yayıncı, Dağıtıcı, Vs Adı Türkiye Barolar Birliği
Yayın, Dağıtım, Vb Tarihi 2009
300 ## - FİZİKSEL TANIM
Kapsam 22 s.
Boyutlar 18 sm.
600 ## - KONU KATMA GİRİŞ - KURUMSAL ADI
Kişisel Ad Özok, Özdemir
Bir Adıyla İlişkilendirilen Tarihler 1945-2010
Genel Alt Bölümü Adli yıl
Kronolojik Alt Bölümü Açılış konuşmaları
650 ## - KONU KATMA GİRİŞ - TOPİKAL DÖNEM
Topikal Süreli Veya Coğrafi Ad Giriş Elemanı Adli yıl
Genel Alt Bölümü Açılış konuşmaları
Kronolojik Alt Bölümü 2009-2010
942 ## - EKLENDİ GİRİŞ ELEMANLARI (KOHA)
Sınıflandırma Veya Raf Düzeni Kaynak
Koha Öğesi Türü Books
999 ## - SİSTEM KONTROL NUMARALARI (KOHA)
Koha Biblionumber 5563
Koha Biblioitemnumber 5563
657 ## - INDEX SÜRE - İŞLEVİ
-- Adli yıl açılış konuşmaları
Holdings
Kalıcı Konum Mevcut Konum Edinme Tarihi Edinim Kaynak Toplam Check-Out'Lar Tam Çağrı Numarası Barkod Tarih Son Görülme İtibaren Geçerli Fiyatlar Koha Öğesi Türü
CHP Kütüphanesi CHP Kütüphanesi 11/22/2016 Bağış   340.092 T96t 2009 008839 11/22/2016 11/22/2016 Books